| 000 | 00665aas a2200229 4500 | ||
|---|---|---|---|
| 999 |
_c3909 _d3909 |
||
| 003 | BR-BrBNA | ||
| 005 | 20230317233933.0 | ||
| 007 | ta | ||
| 008 | 230119b bl ||||| |||| 00| 0 por d | ||
| 022 | _a1415-1642 | ||
| 035 | _a000485-5 | ||
| 040 |
_aBR-BrBNA _bPor _cBR-BrBNA |
||
| 042 | _a092180-7 | ||
| 044 | _abl | ||
| 245 | _aUNIMAR Ciências (Brazil) | ||
| 260 |
_aMarília-SP _bUniversidade de Marília _c1993 _eBSP |
||
| 270 | _aAv. Higyno Muzzy Filho, 1001 - 17525-902-Marília-SP | ||
| 310 | _airregular | ||
| 505 | _a1993-94 1-3; 1995 4(1-2); 1997 6(1-2); 1998 7(1-2); 1999 8(1-4); 2000 9(1-2); 2001 10(1-2); | ||
| 909 |
_a56 _bSergio Santos _c56 _dSergio Santos |
||
| 942 |
_cCR _2AGRIS |
||